000 00824cab a2200265 4500
001 WB2737-22
008 090401t1991 xxu||||| |||| 00| 0 eng d
035 _a(Sirsi) u56695
041 _aeng
245 _aEC tax on energy
260 _c1991
350 _a0
490 _aFinancial Times
_v26 September 1991, 1&26
490 _aDaily Telegraph
_v26 September 1991, 1(1)
520 _aA green tax on all fossil fuels, which would increase the price of coal by 30% over three years and raise heating costs by 10% has been proposed by the EC.
650 _aENERGY TAX
650 _aFOSSIL FUELS
650 _aHEATING COSTS
650 _aTAXATION
690 _aENVIRONMENTAL AND LAND CONSULTANCY-ENERGY
690 _aEnvironment
_96238
690 _aEUROPE-SINGLE MARKET
942 _n0
948 _c04/03/1997
999 _c34603
_d34603